| 000 | 01534nam a2200361 a 4500 | ||
|---|---|---|---|
| 001 | 0000339 | ||
| 003 | DO-SdBNP | ||
| 005 | 20170228102615.0 | ||
| 007 | 0000339 | ||
| 008 | 091125s2004 dr a 000 0 spa d | ||
| 020 | _a848261620X | ||
| 040 |
_aBPMSU _bspa _cBPMSU |
||
| 082 | 0 | 4 |
_a372.832 _bM828c 8vo. 2004 |
| 092 |
_a _b |
||
| 100 | 1 | _aMorales, Marcos | |
| 245 | 1 | 0 |
_aCívica 8 : _beducación básica / _cMarcos Morales ; dirección editorial Obdulia García de Escobar ; ilustración José Amado Polanco |
| 260 |
_aSanto Domingo : _bSantillana, _c2004 |
||
| 300 |
_a79 p. : _bil. ; _c28 cm. |
||
| 490 | 1 | _aÁmbar | |
| 500 | _aEste libro ha sido realizado de conformidad con el currículum vigente y ha sido sometido a la aprobación del SEE | ||
| 505 | 0 |
_tLos poderes del Estado --
_tLos derechos políticos _tEl derecho internacional -- _tDemocracia y dictadura -- _tEl mundo moderno -- _tLa sociedad actual -- |
|
| 650 | 4 |
_aEDUCACIÓN CÍVICA _xENSEÑANZA BÁSICA |
|
| 650 | 4 |
_aEDUCACIÓN CÍVICA _xEDUCACIÓN PRIMARIA |
|
| 650 | 4 |
_aEDUCACIÓN PRIMARIA _zREPÚBLICA DOMINICANA |
|
| 650 | 4 |
_aEDUCACIÓN CÍVICA _xLIBROS DE TEXTOS |
|
| 650 | 4 |
_aEDUCACIÓN CÍVICA _xESTUDIOS Y EJERCICIOS |
|
| 700 | 1 |
_aGarcía Escobar, Obdulia de, _eed. |
|
| 700 | 1 |
_a Polanco, José Amado _eil. |
|
| 830 | 0 | _aÁmbar | |
| 910 | _a Validado. Control de calidad MFF | ||
| 942 |
_2ddc _cBK |
||
| 956 |
_aVMATEO _b10 _220160512 _3BPMSU _60069 |
||
| 999 |
_c10116 _d10116 |
||